000 00450nam a22001697a 4500
005 20260107143549.0
008 260107b |||||||| |||| 00| 0 eng d
037 _cTB
040 _aAL
_cAL
084 _qAL
100 _aNirmal, Chanan Singh
_9862648
245 _aPunjabi Sahit : Aadhunik Kaal
260 _bMangal Prakashan,
_c1992.
365 _b150.00
_cINR
942 _2CC
_cTB
_n0
999 _c1467142
_d1467142